|
|
|
|
| LEADER |
00649nam a22001697a 4500 |
| 020 |
|
|
|a 9780001000124
|
| 082 |
|
|
|a 304.2
|b KNO/E
|
| 100 |
|
|
|a Knowles, R.
|
| 245 |
|
|
|a Economic and social geography
|
| 260 |
|
|
|a New Delhi
|b Rupa & Co.
|c 2007
|
| 300 |
|
|
|a 337p.
|
| 650 |
|
|
|a Human geography-Human ecology
|
| 700 |
|
|
|a Wareing, J.
|
| 942 |
|
|
|c BK
|
| 999 |
|
|
|c 41487
|d 41487
|
| 952 |
|
|
|0 0
|1 0
|4 0
|6 304_200000000000000_KNOE
|7 0
|8 Stack
|9 44864
|a KUCL
|b KUCL
|c Stack
|d 2016-08-26
|g 195.00
|l 0
|o 304.2 KNO/E
|p 42829
|r 2016-08-26
|y BK
|
| 952 |
|
|
|0 0
|1 0
|4 0
|6 304_200000000000000_KNOE
|7 0
|8 Stack
|9 45587
|a KUCL
|b KUCL
|c Stack
|d 2016-10-03
|g 195.00
|l 0
|o 304.2 KNO/E
|p 43390
|r 2016-10-03
|w 2016-10-03
|y BK
|